MDQL
is popping MORE tags! Check the
thread
!
Quizzes
Events
Quiz Creation
Community
Videos
Private Events
Remove Ads
Sign In
Join for FREE
Feedback
Dark Mode
Quiz Categories
Sports
Geography
Music
Movies
Television
Just For Fun
Miscellaneous
History
Literature
Language
Science
Gaming
Entertainment
Religion
Holiday
For Kids
Quiz Lab
Recent
Popular Today
Quiz Kudos Today
Editor Picks
Curator Picks
Quizzes by...
Day
Popularity
Type
Ratings
Length
Year
Community
Subscriptions
Recent Discussions
Orange Saloon
Badges
Playlists
Quests
Create
Leaderboards
Showdown
Live 5
Trivia Bingo
Activity
Puzzle Library
Sporcle Events
Private Events
Virtual Trivia
Globe League
Become a Host
Pub Owners
SporcleCon
Opinionation
Our Games
Videos
Blog
Mobile Apps
Partnerships
Remove Ads and Go Orange
Feedback
Music
Pop Music
The Beatles
Song
Album
Lyrics
Bands
Singers
Artist
Clip
Rock
Rap
Classical
Billboard
Country Music
Kpop
Taylor Swift
Music
Pop Music
The Beatles
Song
Album
Lyrics
Bands
Singers
Artist
Clip
Rock
Rap
Classical
Billboard
Country Music
Kpop
Taylor Swift
Random Quiz
Search Sporcle
×
Quiz Lab
Quiz Lab
Music
Disney
Type in answers that appear in a list
Type in answers that appear in a list
Classic
Best Score? Go Orange.
Figure out the lyrics - Jungle Book Stats
Can you name the lyrics to this mystery song from the Jungle Book film?
By
sufradley
8m
280 Questions
4,934 Plays
4,934 Plays
4,934 Plays
Comments
Comments
Give Quiz Kudos
Give Quiz Kudos
-
- Ratings
hide this ad
More Info
Replay
Link that replays current quiz
Next Quiz
Link to next quiz in quiz playlist
You Got
0%
They Got
Avg Score
62%
Avg Friend Score
Upgrade to see
Score Distribution
Jump to the score distribution portion of the page
Score
0/280
Timer
08:00
0
Plays Today
Lyrics
% Correct
the
97.7%
and
97.7%
The
97.7%
the
97.7%
the
97.7%
The
97.7%
and
97.7%
the
97.7%
a
97.7%
the
97.7%
a
97.7%
and
97.7%
a
97.7%
the
97.7%
the
97.7%
a
97.7%
the
97.7%
the
97.7%
a
97.7%
the
97.7%
a
97.7%
The
97.7%
and
97.7%
And
97.7%
And
97.7%
The
97.7%
the
97.7%
the
97.7%
The
97.7%
a
97.7%
and
97.7%
and
97.7%
the
97.7%
a
97.7%
the
97.7%
The
97.7%
I
93.2%
I
93.2%
I
93.2%
I
93.2%
I
93.2%
I
93.2%
you
89.1%
you
89.1%
you
89.1%
you
89.1%
you
89.1%
you
89.1%
you
89.1%
you
89.1%
you
89.1%
you
89.1%
you
89.1%
you
89.1%
you
89.1%
you
89.1%
you
89.1%
you
89.1%
you
89.1%
you
89.1%
bare
86.5%
bare
86.5%
bare
86.5%
bare
86.5%
bare
86.5%
bare
86.5%
bare
86.5%
bare
86.5%
bare
86.5%
bare
86.5%
bare
86.5%
for
83.4%
for
83.4%
for
83.4%
For
83.4%
necessities,
82.9%
necessities
82.9%
necessities,
82.9%
necessities
82.9%
necessities
82.9%
necessities
82.9%
necessities
82.9%
necessities
82.9%
necessities
82.9%
necessities
82.9%
necessities
82.9%
be
82.5%
be
82.5%
your
80.5%
your
80.5%
your
80.5%
your
80.5%
your
80.5%
simple
79.8%
Lyrics
% Correct
simple
79.8%
me
77.4%
me
77.4%
about
76.3%
of
76.3%
of
76.3%
about
76.3%
of
76.3%
of
76.3%
about
76.3%
of
76.3%
of
76.3%
Look
75.9%
Look
75.9%
look
75.9%
to
75.6%
to
75.6%
to
75.6%
to
75.6%
to
75.6%
To
75.6%
to
75.6%
to
75.6%
worries
75%
worries
75%
life.
74.7%
life
74.7%
life
74.7%
life
74.7%
life
74.7%
Forget
74.1%
Forget
74.1%
strife,
71.7%
strife
71.7%
mean
67.3%
mean
67.3%
That (With - in the reprise)
66.8%
brings (just - in the reprise)
64.9%
bear
64.7%
just
63.9%
just
63.9%
just
63.9%
in
63.5%
in
63.5%
when
61.8%
When
61.8%
when
61.8%
When
61.8%
When
61.8%
will
60.5%
will
60.5%
will
60.5%
at
59.9%
at
59.9%
that
59.5%
that
59.5%
come
59%
come
59%
come
59%
come
59%
come
59%
Mother
58.7%
Nature's
58.5%
are
58.3%
recipes
55.2%
So
53.9%
paw
53.7%
paw
53.7%
can
53.6%
can
53.6%
tree
53.2%
my
52%
my
52%
it
51.6%
it
51.6%
it
51.6%
prick
50.9%
They'll
50.7%
They'll
50.7%
bee
50.6%
pear
50.5%
pear
50.5%
pear
50.5%
pear
50.5%
With
50.3%
try
49.1%
try
49.1%
try
49.1%
honey
48.9%
prickly
48.3%
prickly
48.3%
wherever
48.3%
Wherever
48.3%
pick
48.2%
Lyrics
% Correct
pick
48.2%
pick
48.2%
pick
48.2%
ants
47.7%
take
47.7%
some
47.4%
make
47.3%
buzzin'
46.9%
bees
46.9%
or
46.6%
home
46.3%
roam
46%
Don't
46%
don't
46%
don't
46%
wander
46%
why
44.6%
big
44.4%
big
44.4%
few
44.3%
fancy
44%
under
43.3%
maybe
43.1%
if
42.9%
rest
42.4%
ease,
42.2%
claw
42%
claw
42%
glance
41.3%
couldn't
41%
Then
40.9%
rocks
40.8%
pawpaw
40.7%
pawpaw.
40.7%
time
40.5%
time
40.5%
Have
40.1%
use
39.7%
use
39.7%
go
38.8%
plants
38.8%
fonder
38.3%
raw
37.5%
beware
37.4%
That's
37.4%
need
37%
next
36.7%
Now
35.4%
But
34%
like
34%
from
33.2%
Old
30.9%
clue?
30.5%
given
30.2%
want
30.2%
too
28.3%
by
28.1%
you're
26%
uh-uh
25.2%
not
23.4%
can't
23%
yeah
22%
relax
21.5%
live
20%
out
19.6%
around
19.3%
tell
19.1%
tell
19.1%
I'll
18.7%
found
18.4%
find
18.3%
something
18%
something
18%
something
18%
let
16.7%
Cause
16.3%
hard
16.1%
little
16.1%
lookin'
16%
working
15.6%
without
15.4%
spend
14.8%
backyard
14.7%
true
13.3%
thinkin'
13.2%
act
12.8%
britches
12.7%
cool
12.7%
along
12.5%
Fall
12%
apart
11.7%
acts
9.9%
Quiz Playlist
Details
Report
Send in Message
Add To Playlist
More Info:
If you want to know which song this is, without having to do the hard work, just type 'title' and it will appear at the bottom.
Classic:
Type in answers that appear in a list
Last Updated: Feb 16, 2017
Quiz Scoreboard
CHALLENGE
Sign Up to Join the Scoreboard
Show All
Scores
Hide
Comments
May contain spoilers
Recently Published
Image Sorting: Flags VI
by Barbecue
Geography
2m
Find the 'City' Movie
by crazypaving
Movies
60s
Colored Red Africa Blitz
by spor1
Geography
45s
More to Explore
Quiz From the Vault
Featured Blog Post
14 Easter Pick-up Lines to Find Eggs With
hide this ad
You Might Also Like...
Tags
Disney Quiz
Lyrics Quiz
Song Quiz
Disney Films
Figure Out the Lyrics
Jungle Book
Today's Top Quizzes in Music
Browse Music
hide this ad
Today's Top Quizzes in Disney
Browse Disney
Top Contributed Quizzes in Music
1
5X2 Blitz: Bands II
2
5X2 Blitz: The Beatles
3
Taylor Swift All Songs (2024)
4
5X2 Blitz: Billboard
5
5X2 Blitz: Billboard II
6
5X2 Blitz: Album
7
5X2 Blitz: Rock
8
5X2 Blitz: Singers
9
Taylor Swift Logic Puzzle II
10
5X2 Blitz: Lyrics
Explore More
Trending Topics
Marvel
Anime
Crossword
Harry Potter
Kpop
Disney
NBA
Song
Soccer
NFL
Country
The Office
Puzzle
Pokémon
WWE
hide this ad
More By:
sufradley
Quiz
Plays
Rating
Category
Featured
Created
Movie Time
1,592,963
4.31
Movies
Feb 17, 2013
Song Time
610,533
4.48
Music
Feb 22, 2013
Baby Beasts
355,437
4.37
Science
Dec 26, 2010
Movie Time II
257,019
4.49
Movies
May 27, 2013
Baby Beasts II
198,167
4.32
Science
Feb 21, 2011
Go to Creator's Profile
Score Distribution
Quiz Creator Spotlight
sufradley
Follow
Send a Message
Quizzes Created
-
Created Quiz Play Count
-
More By This Creator
Popular Quizzes Today
1
Colored Red Africa Blitz
2
Find the US States - No Outlines Minefield
3
Find the 'City' Movie
4
5x2 Blitz: Bands
5
The Countries of the World
6
Find the US States
7
Find the Countries of Europe - No Outlines Minefield
8
US States
More Music Quizzes
Matching Violinists
Curator's Pick
Trending Quizzes
Colored Red Europe Blitz I
Colored Red Europe Blitz II
Colored Red Africa Blitz II
Colored Red Europe Blitz III
Colored Red Africa Blitz III
Recently Updated
How Do You Spell That?
pecheneg
Godzilla Movies
pecheneg
Grab Bag: 4-10 Letters
pecheneg
2024 March Madness Bracket
pecheneg
Famous TV Couples
Peacemaker
Champions League XIs: Real Madrid
pecheneg
Largest US Cities 1790-2010
pecheneg
Rides in Walt Disney World
pecheneg
Most Oscar Losses (Acting)
pecheneg
Beyoncé Albums
pecheneg
Trending Topics
Marvel
NBA
Crossword
Disney
Kpop
Anime
Harry Potter
Soccer
The Office
WWE
Puzzle
Country
NFL
Song
Pokémon
Your Account Isn't Verified!
In order to create a playlist on Sporcle, you need to verify the email address you used during registration. Go to your
Sporcle Settings
to finish the process.
Report this User
Report this user for behavior that violates our
Community Guidelines
.
Details:
Send Report
Go to the Sporcle.com Mobile Site →
Comments